000 00342 a2200157 4500
001 184476
020 _a
040 _cMagnum
100 _aOliveira, Ganymédes José Santos de
240 1 0 _aCorações de pedra
_lpor
245 1 0 _aCorações de pedra
300 _a120
362 0 _a1985
697 _aLITERATURA JUVENIL
942 _cBK
999 _c184476
_d184476